Estadísticas para Fichajes Récord del Athletic Club

Haz click aquí para intentar la prueba.

Estadísticas generales

  • Esta prueba ha sido intentada 31 veces
  • La puntuación promedio es 10 de 20

Estadísticas de respuestas

$$$TemporadaViene de...Jugador% Correcto
12.000.0002020/21TorinoÁlex Berenguer
100%
32.000.0002017/18Real SociedadIñigo Martínez
100%
10.000.0002015/16Atlético MadridRaúl García
96%
24.000.0002018/19Paris Saint-GermainYuri Berchiche
89%
7.500.0002011/12Real ZaragozaAnder Herrera
85%
8.000.0002013/14Real BetisBeñat Etxebarria
67%
3.000.0002018/19EibarAnder Capa
56%
2.900.0002013/14GranadaMikel Rico
52%
3.000.0002005/06Real ValladolidAritz Aduriz
48%
6.000.0002006/07Osasuna PromesasJavi Martínez
48%
4.000.0002007/08EspanyolGorka Iraizoz
41%
3.000.0001995/96Real SociedadJoseba Etxeberria
41%
4.000.0002018/19AlavésIbai Gómez
37%
4.000.0002013/14OsasunaKike Sola
33%
3.500.0002007/08SevillaAitor Ocio
15%
12.000.0001997/98Real BetisRoberto Ríos
15%
5.800.0002007/08OsasunaDavid López
11%
4.200.0001994/95FC BarcelonaJon Andoni Goikoetxea
11%
5.900.0002006/07Real SociedadIban Zubiaurre
7%
6.000.0001998/99Atlético MadridSantiago Ezquerro
4%

Distribución de puntuación

Porcentaje por número respondido

Porcentaje de gente con cada puntuación

Historial de tus puntuaciones

No has intentado esta prueba.